000 00448pab a2200157 454500
008 180718b1998 xxu||||| |||| 00| 0 eng d
100 _aHastings, Annette
245 _aConnecting linguistic structures and social practices: a discursive approach to social policy analysis
260 _c1998
300 _ap.191-211
362 _aApr
650 _aLinguistics
650 _aSocial policy
773 _aJournal of Social Policy
909 _a37961
999 _c37961
_d37961